书目信息 |
| 题名: |
反脆弱
|
|
| 作者: | 塔勒布 著 ;雨珂 译 | |
| 分册: | ||
| 出版信息: | 北京 中信出版社 2014 |
|
| 页数: | 370页 | |
| 开本: | 24cm | |
| 丛书名: | ||
| 单 册: | ||
| 中图分类: | F11-49 | |
| 科图分类: | ||
| 主题词: | 世界经济--Shi Jie Jing Ji--通俗读物 | |
| 电子资源: | ||
| ISBN: | 978-7-5086-4333-5 | |
| 000 | 00915nam0 2200265 450 | |
| 001 | 0000334154 | |
| 005 | 20141103171200.0 | |
| 010 | @a978-7-5086-4333-5@b精装@dCNY68.00 | |
| 100 | @a20140325d2014 em y0chiy0110 ea | |
| 101 | 1 | @achi@ceng |
| 102 | @aCN@b110000 | |
| 105 | @ay z 000yy | |
| 106 | @ar | |
| 200 | 1 | @a反脆弱@AFan Cui Ruo@e从不确定性中获益@d= AntifragileThings that gain from disorder@f(美) 纳西姆·尼古拉斯·塔勒布著(Nassim Nicholas Taleb)@g雨珂译@zeng |
| 210 | @a北京@c中信出版社@d2014 | |
| 215 | @a370页@c图@d24cm | |
| 510 | 1 | @aAntifragile@ethings that gain from disorder@zeng |
| 517 | 1 | @a从不确定性中获益@ACong Bu Que Ding Xing Zhong Huo Yi |
| 606 | 0 | @a世界经济@AShi Jie Jing Ji@j通俗读物 |
| 690 | @aF11-49@v4 | |
| 701 | 1 | @a塔勒布@ATa Le Bu@g(Taleb, N.N.)@4著 |
| 702 | 0 | @a雨珂@AYu Ke@4译 |
| 801 | 0 | @aCN@bMUSE@c20181206@g |
| 905 | @aBZT@dF11-49@e2 | |
| 906 | @dCNY68.00@n3@r1 | |
| 反脆弱:从不确定性中获益= AntifragileThings that gain from disorder/(美) 纳西姆·尼古拉斯·塔勒布著(Nassim Nicholas Taleb)/雨珂译.-北京:中信出版社,2014 |
| 370页:图;24cm |
| ISBN 978-7-5086-4333-5(精装):CNY68.00 |
| ● |
| 相关链接 |
|
|
|
正题名:反脆弱
索取号:F11-49/2
 
预约/预借
| 序号 | 登录号 | 条形码 | 馆藏地/架位号 | 状态 | 备注 |
| 1 | 859316 | 2000859316 | 第二书库/ [索取号:F11-49/2] | 在馆 | |
| 2 | 859317 | 2000859317 | 第二书库/ [索取号:F11-49/2] | 在馆 | |
| 3 | 859318 | 2000859318 | 第二书库/ [索取号:F11-49/2] | 在馆 |